| 000 | 01523nam a2200241Ia 4500 | ||
|---|---|---|---|
| 999 |
_c55484 _d55484 |
||
| 001 | 22566 | ||
| 003 | GE_BSU | ||
| 005 | 20220920170322.0 | ||
| 008 | 181216s2008||||ge |||||||||||||| ||geo|| | ||
| 040 | _cGE_BSU | ||
| 041 | _ageo | ||
| 080 | _a63 ჩ-69 | ||
| 100 |
_aჩიქოვანი, დარეჯან _910545 |
||
| 245 |
_aსაქართველოში გავრცელებული სუბტროპიკული მცენარეების კაროტინოიდები : დისერტაცია / _cდარეჯან ჩიქოვანი;სამეცნიერო ხელმძღვანელი ვ. ჩუბინიძე; ბათუმის შოთა რუსთაველის სახელმწიფო უნივერსიტეტი |
||
| 264 |
_aბათუმი, _c2008. |
||
| 300 |
_a155 გვ. ; _b30 სმ. |
||
| 653 | _aმემცენარეობა | ||
| 653 | _aსაქართველოში გავრცელებული სუბტროპიკული მცენარეების კაროტინოიდები | ||
| 653 | _aდისერტაცია | ||
| 700 |
_aჩუბინიძე, ვ. _eსამეცნიერო ხელმძღვანელი _910546 |
||
| 710 |
_aბათუმის შოთა რუსთაველის სახელმწიფო უნივერსიტეტი _911849 |
||
| 942 |
_cBK _2udc |
||